| 000 | 00572nam a2200193 i 4500 | ||
|---|---|---|---|
| 001 | 27332 | ||
| 003 | ES-MaACL | ||
| 005 | 20240605063001.0 | ||
| 007 | t| | ||
| 008 | 030114s1973 sp ||||1| spa d | ||
| 100 | 1 |
_aAranguren, José Luis L., _d1909-1996 _922315 |
|
| 245 | 1 | 0 |
_aMoralidades de hoy y de mañana / _cJosé Luis L. Aranguren. |
| 260 |
_aMadrid : _bTaurus, _c[1973] |
||
| 300 |
_a194 p. ; _c21 cm. |
||
| 490 | 1 |
_aEnsayistas ; _v95 |
|
| 830 | 0 |
_aEnsayistas ; _v95 _9177257 |
|
| 852 |
_aES-MaACL _jC-52057 _bR.85360 |
||
| 999 |
_c27332 _d27332 |
||